Dấu ấn Việt Nam trên biển đông

Giới thiệu vị trí, vai trò của biển, đảo Việt Nam trong biển Đông, xác lập các vùng biển và thềm lục địa Việt Nam. Trình bày quá trình xác lập và thực thi chủ quyền của Việt Nam tại quần đảo Hoàng Sa và quần đảo Trường Sa. Nêu lên thực tr...

Ausführliche Beschreibung

Gespeichert in:
Bibliographische Detailangaben
1. Verfasser: Trần, Công Trục
Format: Buch
Sprache:Undetermined
Veröffentlicht: Hà Nội Thông tin và Truyền thông 2014
Schlagworte:
Tags: Tag hinzufügen
Keine Tags, Fügen Sie den ersten Tag hinzu!
Thư viện lưu trữ: Trung tâm Học liệu Trường Đại học Cần Thơ
LEADER 01109nam a2200217Ia 4500
001 CTU_202709
008 210402s9999 xx 000 0 und d
020 |c 190000 
082 |a 320.1509597 
082 |b Tr506 
100 |a Trần, Công Trục 
245 0 |a Dấu ấn Việt Nam trên biển đông 
245 0 |c Trần Công Trục (Chủ biên) 
260 |a Hà Nội 
260 |b Thông tin và Truyền thông 
260 |c 2014 
520 |a Giới thiệu vị trí, vai trò của biển, đảo Việt Nam trong biển Đông, xác lập các vùng biển và thềm lục địa Việt Nam. Trình bày quá trình xác lập và thực thi chủ quyền của Việt Nam tại quần đảo Hoàng Sa và quần đảo Trường Sa. Nêu lên thực trạng và đề xuất giải pháp về vấn đề tranh chấp biển Đông 
650 |a Chủ quyền,Territorial 
650 |x Lịch sử,History 
904 |i Nguyên 
980 |a Trung tâm Học liệu Trường Đại học Cần Thơ